| 000 | 00499nam a2200181Ia 4500 | ||
|---|---|---|---|
| 005 | 20250423095551.0 | ||
| 008 | 250422s9999 xx 000 0 und d | ||
| 020 | _a9789784982702 | ||
| 050 | _aKP 69 .O4/ | ||
| 100 | _aOlakanmi, Jide | ||
| 245 | 0 | _aHand book of the Federal Court of Appeal | |
| 260 | _aAbuja | ||
| 260 | _bLawLord Publication | ||
| 260 | _c2013 | ||
| 300 | _a182 p | ||
| 650 | _aNigeria. Federal Court of Appeal. Court rules--Nigeria. Constitutions--Nigeria. | ||
| 942 | _cBK | ||
| 999 |
_c30668 _d30668 |
||